00262nam a2200109Ia 4500008004100000041000800041100001500049245002600064260003500090300000800125999001900133230822s1999 xx 000 0 und d aeng aDICKENS C. aA TALE OF TWO CITIES. bJAICO PUB. HOUSE MUMBAI c1999 a201 c856877d856877